RADIO PHYSICS COURSE AN ELEMENTARY TEXTBOOK ON THE BASIC PRINCIPLES OF ELECTRICITY RADIO AND TELEVISION (Record no. 584924)

000 -LEADER
fixed length control field 00349nam a22001217a 4500
082 ## - DEWEY DECIMAL CLASSIFICATION NUMBER
Classification number 621.384 GHI'R
100 ## - MAIN ENTRY--PERSONAL NAME
Personal name GHIRARDI, ALFRED A
9 (RLIN) 41673
245 ## - TITLE STATEMENT
Title RADIO PHYSICS COURSE AN ELEMENTARY TEXTBOOK ON THE BASIC PRINCIPLES OF ELECTRICITY RADIO AND TELEVISION
250 ## - EDITION STATEMENT
Edition statement 2ND
260 ## - PUBLICATION, DISTRIBUTION, ETC.
Place of publication, distribution, etc. NEWYORK
Name of publisher, distributor, etc. RINEHART
Date of publication, distribution, etc. 1932
300 ## - PHYSICAL DESCRIPTION
Extent 972P
942 ## - ADDED ENTRY ELEMENTS (KOHA)
Koha item type Book
Holdings
Withdrawn status Lost status Damaged status Not for loan Permanent Location Current Location Shelving location Date acquired Total Checkouts Full call number Barcode Date last seen Price effective from Koha item type
        College of Electrical & Mechanical Engineering (CEME) College of Electrical & Mechanical Engineering (CEME) General Stacks 07/05/2017   621.384 GHI'R CEME-6118 06/28/2021 06/28/2021 Book
© 2023 Central Library, National University of Sciences and Technology. All Rights Reserved.